000 00330nam a2200145Ia 4500
005 20251222141819.0
008 251222s9999||||xx |||||||||||||| ||spa||
020 _a684857332
082 _a595.796/G74
100 _aGordon, Deborah M.
245 0 _aAnts at work:
250 _a1ra.ed.
264 _bThe Free Press
942 _cLIB
999 _c6740
_d6740